| 000 | 00489nam a22001937a 4500 | ||
|---|---|---|---|
| 003 | OSt | ||
| 005 | 20140310182236.0 | ||
| 008 | 121115t xxu||||| |||| 00| 0 eng d | ||
| 020 | _a0553136887 | ||
| 050 |
_aPZ 4 _b.Ur76 1976 |
||
| 082 |
_aFIC _bU3t 1976 |
||
| 100 |
_aUris, Leon _918687 |
||
| 245 |
_aTrinity / _cLeone Uris |
||
| 260 |
_aNew York : _bDoubleday & Company, Inc, _c1976. |
||
| 300 |
_a815 p. : _c17 cm |
||
| 650 |
_aFiction. _9746 |
||
| 942 |
_2lcc _cBK-FIC |
||
| 999 |
_c11034 _d11034 |
||